Experimentálna prevádzka membránového procesu

Saved in:
Bibliographic Details
Main Author: Gaborčík, Jakub (Author)
Other Authors: Paulen, Radoslav (Thesis advisor)
Format: Manuscript Book
Language:Slovak
Published: 2024
Subjects:
Online Access:http://is.stuba.sk/zp/portal_zp.pl?podrobnosti=168692
Tags: Add Tag
No Tags, Be the first to tag this record!

MARC

LEADER 00000ntm a22000003a 4500
001 stuzp99221
003 SK-STU
005 20240622210746.7
007 ta
008 150427s2015----xo-----f-mn---000-0-slo-d
040 |a STU  |b slo 
041 0 |a slo 
100 1 |a Gaborčík, Jakub  |u 047220  |4 aut  |U FCHPT Ústav informatizácie, automatizácie a matematiky  |T FCHPT Oddelenie informatizácie a riadenia procesov  |X 115961  |U C7220  |Y 121  |7 115961 
242 0 1 |a Experimental Operation of a Membrane Process  |y eng 
245 1 0 |a Experimentálna prevádzka membránového procesu 
260 |c 2024 
650 4 |a membránový proces  |2 slo 
650 4 |a reverzná osmóza  |2 slo 
650 4 |a modelovanie  |2 slo 
650 4 |a riadenie procesov  |2 slo 
650 4 |a membrane process  |2 eng 
650 4 |a reverse osmosis  |2 eng 
650 4 |a modelling  |2 eng 
650 4 |a process management  |2 eng 
700 1 |a Paulen, Radoslav  |u 047220  |k Z1  |4 ths  |U FCHPT Ústav informatizácie, automatizácie a matematiky  |T FCHPT Oddelenie informatizácie a riadenia procesov  |X 22507  |U C7220  |Y 121  |7 A000022507 
856 4 |u http://is.stuba.sk/zp/portal_zp.pl?podrobnosti=168692